000 00414nam a22001817a 4500
003 MPLRDC
005 20220104143655.0
008 210129b ||||| |||| 00| 0 eng d
020 _a962-365-730-7
082 _a427.1 LYH-3
100 _a李银焕
245 _a惹味食谱
_c
250 _a初版
260 _a
_b海滨图书公司
_c1999
300 _b
650 _a食谱
942 _cBK
_o427.1 LYH-3
999 _c42225
_d42215